City by Picture 7 (Japan) - Statistics

General Stats
  • This quiz has been taken 42 times
  • The average score is 4 of 6
Answer Stats
Picture Answer % Correct
Tokyo
95%
Osaka
87%
Hiroshima
84%
Sapporo
63%
Kobe
61%
Nagasaki
37%
No matching quizzes found
Score Distribution
Percent of People with Each Score
Percentile by Number Answered
Your Score History
You have not taken this quiz